Радиоактивность и радиоактивные элементы как фактор геологической среды и его использование в науках о Земле; Разведка и охрана недр; № 12

Bibliographische Detailangaben
Parent link:Разведка и охрана недр.— , 1931-
№ 12.— 2017.— [С. 55-61]
1. Verfasser: Рихванов Л. П. Леонид Петрович
Körperschaft: Национальный исследовательский Томский политехнический университет (ТПУ) Институт природных ресурсов (ИПР) Кафедра геоэкологии и геохимии (ГЭГХ)
Zusammenfassung:Заглавие с экрана
Обсуждается всеобщая распространенность естественных радионуклидов. Показана индикаторная роль естественных радиоактивных элементов для решения вопросов генезиса магматических и метасоматических пород, понимания процессов флюидогенного рудообразования и их использования для целей прогнозирования месторождений полезных ископаемых различных типов (урановых, редкометалльных, золоторудных, нефти и газа и др.).
The article discusses the universal abundance of natural radionuclides. We have shown the indicative properties of natural radioactive elements for the solution of the problems devoted to genesis of magmatic and metasomatic rocks, fluid-based ore formation processes and their use for the purposes of forecasting of various mineral deposits (uranium, rare metals, gold, oil and gas, etc.).
Режим доступа: по договору с организацией-держателем ресурса
Sprache:Russisch
Veröffentlicht: 2017
Schlagworte:
Online-Zugang:https://elibrary.ru/item.asp?id=32662881
Format: Elektronisch Buchkapitel
KOHA link:https://koha.lib.tpu.ru/cgi-bin/koha/opac-detail.pl?biblionumber=665844

MARC

LEADER 00000naa0a2200000 4500
001 665844
005 20250211143738.0
035 |a (RuTPU)RU\TPU\network\37048 
035 |a RU\TPU\network\23561 
090 |a 665844 
100 |a 20211117d2017 k||y0rusy50 ca 
101 0 |a rus 
102 |a RU 
135 |a drcn ---uucaa 
181 0 |a i  
182 0 |a b 
200 1 |a Радиоактивность и радиоактивные элементы как фактор геологической среды и его использование в науках о Земле  |d Radioactivity and radioactive elements as the factor of the geological environment and his use in sciences about the Earth  |f Л. П. Рихванов 
203 |a Текст  |c электронный 
300 |a Заглавие с экрана 
320 |a [Библиогр.: 12 назв.] 
330 |a Обсуждается всеобщая распространенность естественных радионуклидов. Показана индикаторная роль естественных радиоактивных элементов для решения вопросов генезиса магматических и метасоматических пород, понимания процессов флюидогенного рудообразования и их использования для целей прогнозирования месторождений полезных ископаемых различных типов (урановых, редкометалльных, золоторудных, нефти и газа и др.). 
330 |a The article discusses the universal abundance of natural radionuclides. We have shown the indicative properties of natural radioactive elements for the solution of the problems devoted to genesis of magmatic and metasomatic rocks, fluid-based ore formation processes and their use for the purposes of forecasting of various mineral deposits (uranium, rare metals, gold, oil and gas, etc.). 
333 |a Режим доступа: по договору с организацией-держателем ресурса 
461 |t Разведка и охрана недр  |d 1931- 
463 |t № 12  |v [С. 55-61]  |d 2017 
510 1 |a Radioactivity and radioactive elements as the factor of the geological environment and his use in sciences about the Earth  |z eng 
610 1 |a труды учёных ТПУ 
610 1 |a электронный ресурс 
610 1 |a радиоактивность 
610 1 |a радиоактивные элементы 
610 1 |a геологическая среда 
610 1 |a уран 
610 1 |a торий 
610 1 |a магматизм 
610 1 |a рудообразование 
610 1 |a метасоматоз 
610 1 |a uranium 
610 1 |a thorium 
610 1 |a radioactivity 
610 1 |a indicative role 
610 1 |a magmatism 
610 1 |a metasomatism 
610 1 |a ore formation 
610 1 |a global abundance 
610 1 |a radiogeochemical features 
700 1 |a Рихванов  |b Л. П.  |c геолог  |c профессор Томского политехнического университета, доктор геолого-минералогических наук  |c заслуженный геолог РФ  |c почетный работник высшего образования РФ  |f 1945-2020  |g Леонид Петрович  |3 (RuTPU)RU\TPU\pers\23187 
712 0 2 |a Национальный исследовательский Томский политехнический университет (ТПУ)  |b Институт природных ресурсов (ИПР)  |b Кафедра геоэкологии и геохимии (ГЭГХ)  |3 (RuTPU)RU\TPU\col\18658 
801 2 |a RU  |b 63413507  |c 20211117  |g RCR 
856 4 |u https://elibrary.ru/item.asp?id=32662881 
942 |c CF